| 000 | 00971nam a2200217 a 4500 | ||
|---|---|---|---|
| 005 | 20220905121449.0 | ||
| 008 | 190829s2014 mx r 000 0 spa d | ||
| 020 | _a9786079343569 | ||
| 035 | _aUPN01000232542 | ||
| 040 |
_aMx-MxUPN _bspa _cMX-MxUPN |
||
| 050 |
_aZ987 _bE53 2011 |
||
| 111 | 2 |
_946136 _aEncuentro Nacional de Bibliotecas con Fondos Antigüos _n(2 : _d2011 : _cUniversidad Autónoma de San Luis) |
|
| 245 | 0 | 0 |
_aBibliotecas con fondos antiguos : _bII encuentro nacional |
| 260 |
_a[San Luis Potosí] : _bUniversidad Autónoma de San Luis Potosí, Escuela de las Ciencias de la Información : _bAsociación Mexicana de Bibliotecas e Instituciones con Fondos Antigüos, _c2014. |
||
| 300 |
_a304 páginas : _bilustraciones, fotografías en blanco y negro |
||
| 650 | 0 |
_946137 _aBibliotecas _vColecciones especiales _vCongresos |
|
| 650 | 0 |
_946138 _aLibros raros en bibliotecas _vCongresos |
|
| 905 | _aLibro | ||
| 942 |
_n0 _2lcc _cLIBRO |
||
| 999 |
_c204637 _d204637 |
||